[Event "Polanica Zdroj op"]
[Site "Polanica Zdroj"]
[Date "1995.??.??"]
[Round "8"]
[White "Hellsten, Johan"]
[Black "Grabarczyk, Miroslaw"]
[Result "1/2-1/2"]
[WhiteElo "2430"]
[BlackElo "2445"]

1.d4 Nf6 2.c4 e6 3.Nf3 Bb4+ 4.Nbd2 b6 5.e3 Bb7 6.Bd3 c5 7.a3 Bxd2+ 8.Bxd2 Ne4
9.Bxe4 Bxe4 10.Bc3 d6 11.dxc5 bxc5 12.O-O O-O 13.b3 Qe7 14.Ra2 Rd8 15.Qe2 a5
16.Rd1 Nc6 17.Nd2 Bg6 18.Qf3 Ne5 19.Qg3 Qf6 20.Ba1 Qf5 21.e4 Qg4 22.Qxg4 Nxg4
23.f3 Ne5 24.Nb1 a4 25.Rad2 Nc6 26.Rxd6 Rxd6 27.Rxd6 Na5 28.Nd2 Nxb3 29.Nxb3 axb3
30.Rb6 f6 31.Rxb3 Ra4 32.Rc3 e5 33.Bb2 Bf7 34.Bc1 Rxc4 35.Rxc4 Bxc4 36.Be3 Bb5
37.Bxc5 Kf7 38.Kf2 Ke6 39.Bb4 g6 40.Bc3 Ke7 41.Kg3 Ke6 42.Bd2 h5 43.Ba5 Ba4
44.Bc7 Bb5 45.Kh4 Bf1 46.g4 hxg4 47.Kxg4 Bb5 48.h4 Ba4 49.f4 exf4 50.Kxf4 Bc2
51.e5 fxe5+ 52.Bxe5  1/2-1/2

[Event "Prague Bohemians"]
[Site "Prague"]
[Date "1995.??.??"]
[Round "6"]
[White "Orsag, Milan"]
[Black "Gaertner, Guntram"]
[Result "1/2-1/2"]
[WhiteElo "2390"]
[BlackElo "2325"]

1.d4 Nf6 2.c4 e6 3.Nf3 Bb4+ 4.Nbd2 b6 5.g3 Bb7 6.Bg2 O-O 7.O-O d5 8.cxd5 exd5
9.Ne5 Nbd7 10.Ndf3 Nxe5 11.Nxe5 Bd6 12.Bg5 Re8 13.Nc4 Be7 14.Rc1 h6 15.Bf4 c5
16.dxc5 Bxc5 17.Na5 Ba6 18.Nc6 Bxe2 19.Qd2 Qd7 20.Ne5 Rxe5 21.Bxe5 Bxf1 22.Rxf1 Ng4
23.Bc3 Rd8 24.b4 Be7  1/2-1/2

[Event "Ptuj"]
[Site "Ptuj"]
[Date "1995.??.??"]
[Round "4"]
[White "Petrosian, Arshak B"]
[Black "Krumpacnik, Domen"]
[Result "1-0"]
[WhiteElo "2435"]
[BlackElo "2405"]

1.d4 Nf6 2.c4 e6 3.Nf3 Bb4+ 4.Nbd2 d5 5.Qa4+ Nc6 6.a3 Bxd2+ 7.Bxd2 O-O 8.Bg5 Re8
9.e3 e5 10.dxe5 Nxe5 11.Bxf6 gxf6 12.cxd5 Bf5 13.Rd1 Nxf3+ 14.gxf3 Qd6 15.Qd4 Re5
16.Bg2 Qa6 17.f4 Ree8 18.Rg1 Kf8 19.Qc5+ Qd6 20.Rc1 Rac8 21.Qxa7 Qxf4 22.Qc5+ Qd6
23.Qxd6+ cxd6 24.Kd2 Ke7 25.Bf3 Rxc1 26.Rxc1 Kd7 27.Rc4 Kd8 28.Rf4 Re5 29.Kc3 Ke7
30.Rb4 Bc8 31.Rh4 Bf5 32.Kd4 Bg6 33.Be4 Kd7 34.Bxg6 hxg6 35.Rh7 Re7 36.e4 f5
37.exf5 gxf5 38.f3 Kc7 39.h4 Kb6 40.Rh6 Re2 41.Rxd6+ Kb5 42.Rd7  1-0

[Event "CRO-Cup"]
[Site "Pula"]
[Date "1995.??.??"]
[Round "1"]
[White "Kozul, Zdenko"]
[Black "Kutuzovic, Branko"]
[Result "1-0"]
[WhiteElo "2570"]
[BlackElo "2375"]

1.d4 Nf6 2.Nf3 e6 3.c4 Bb4+ 4.Nbd2 b6 5.a3 Bxd2+ 6.Qxd2 Bb7 7.e3 O-O 8.Bd3 d6
9.O-O Nbd7 10.b3 Qe7 11.Bb2 Ne4 12.Qc2 f5 13.Rad1 Rae8 14.b4 Ndf6 15.Qe2 Qf7
16.Ne1 Qg6 17.f3 Ng5 18.Bb1 e5 19.dxe5 dxe5 20.c5 e4 21.c6 Bc8 22.f4 Nf7
23.Nc2 h5 24.Nd4 h4 25.Ba2 Kh7 26.Rd2 Nd6 27.b5 Rh8 28.a4 Nf7 29.h3 Nh5 30.Rfd1 Ng3
31.Qe1 Rd8 32.Kh2 Rhe8 33.Ne2 Rxd2 34.Rxd2 Nxe2 35.Qxh4+ Kg8 36.Rxe2 Be6
37.Bxe6 Rxe6 38.Ba3 Re8 39.Rd2 Qf6 40.Qxf6 gxf6 41.Rd7 Rc8 42.Bb2 Kg7 43.g4 Rd8
44.g5  1-0

[Event "CRO-Cup"]
[Site "Pula"]
[Date "1995.??.??"]
[Round "3"]
[White "Kozul, Zdenko"]
[Black "Hulak, Krunoslav"]
[Result "1/2-1/2"]
[WhiteElo "2570"]
[BlackElo "2545"]

1.d4 e6 2.c4 Nf6 3.Nf3 Bb4+ 4.Nbd2 b6 5.a3 Bxd2+ 6.Qxd2 Bb7 7.e3 O-O 8.b3 d6
9.Bb2 Nbd7 10.Be2 Qe7 11.O-O Ne4 12.Qc2 f5 13.Ne1 c5 14.f3 Nef6 15.Nd3 Rac8
16.dxc5 bxc5 17.Rfd1 e5 18.Nf2 Ne8 19.b4 Rf6 20.b5 Nf8 21.f4 Ng6 22.g3 Ba8
23.Bf1 Nh4 24.Rd5 Bxd5 25.cxd5 Ng6 26.Bh3 Rb8 27.a4 Nc7 28.Rd1 a6 29.Bxf5 axb5
30.axb5 Nxb5 31.Ng4 Rxf5 32.Qxf5 exf4 33.exf4 Nf8 34.Qc2 Re8 35.Nf2 Qe3 36.Kg2 Ra8
37.Qc4 Rb8 38.Ng4 Qe7 39.Rd2 Qd7 40.Nf2 Re8 41.f5 Nd4 42.Bxd4 cxd4 43.f6 gxf6
44.Qxd4 f5 45.Ra2 Qg7 46.Qxg7+ Kxg7 47.Ra6 Rd8 48.Nd3 Kf6 49.h4 Ng6 50.Ra7 Ne5
51.Nf4 Rd7 52.Ra8 Ng6 53.Kf3 Rb7 54.Nxg6  1/2-1/2

[Event "ROM-chT"]
[Site "ROM"]
[Date "1995.??.??"]
[Round "?"]
[White "Ionescu, Constantin"]
[Black "Stoica, Valentin"]
[Result "1/2-1/2"]
[WhiteElo "2535"]
[BlackElo "2455"]

1.d4 Nf6 2.c4 e6 3.Nf3 Bb4+ 4.Nbd2 b6 5.g3 Bb7 6.Bg2 c5 7.dxc5 Bxc5 8.O-O O-O
9.b3 Be7 10.Bb2 d6 11.e3 Nbd7 12.Qe2 Qc7 13.Rfd1 Rad8 14.h3 Nc5 15.Nd4 Bxg2
16.Kxg2 d5  1/2-1/2

[Event "Salta Clarin op"]
[Site "Salta"]
[Date "1995.??.??"]
[Round "6"]
[White "Minzer, Claudio Javier"]
[Black "Milos, Gilberto"]
[Result "1/2-1/2"]
[WhiteElo "2390"]
[BlackElo "2555"]

1.d4 Nf6 2.c4 e6 3.Nf3 Bb4+ 4.Nbd2 b6 5.a3 Bxd2+ 6.Bxd2 Bb7 7.Bg5 d6 8.e3 Nbd7
9.Be2 h6 10.Bxf6 Nxf6 11.O-O O-O 12.b4 Qe7 13.Nd2 c5 14.Nb3 Rac8 15.Qe1 Rfd8
16.a4 Nd7 17.a5 Qg5 18.g3 Qf5 19.Qb1 Be4 20.Qb2 cxb4 21.Nd2 bxa5 22.Nxe4 Qxe4
23.Rxa5 e5 24.Rd1 Rb8 25.Rxa7 exd4 26.Rxd4 Qe5 27.Bf3 Nc5 28.Bd5 Rd7 29.Ra5 b3
30.Qb1 Kh8 31.h4 g6 32.Bf3 Qf5 33.Be4 Qe6 34.h5 Re7 35.Bd5 Qf5 36.Qxf5 gxf5
37.Rd1 Ne4 38.Rb1 Nc3 39.Rb2 Nd1 40.Rb1 Nc3 41.Rb2  1/2-1/2

[Event "San Francisco op"]
[Site "San Francisco"]
[Date "1995.??.??"]
[Round "?"]
[White "Watson, John L"]
[Black "Lobo, Richard"]
[Result "1-0"]
[WhiteElo "2395"]
[BlackElo "2290"]

1.d4 Nf6 2.c4 e6 3.Nf3 Bb4+ 4.Nbd2 b6 5.a3 Bxd2+ 6.Bxd2 Bb7 7.Bg5 h6 8.Bh4 d6
9.e3 Nbd7 10.Bd3 g5 11.Bg3 Ne4 12.Qc2 f5 13.d5 Qf6 14.Bxe4 fxe4 15.Nd4 Nc5
16.O-O exd5 17.b4 Ne6 18.Qa4+ Ke7 19.Nc6+ Bxc6 20.Qxc6 dxc4 21.Qxe4 a5 22.Rad1 Rhb8
23.f4 Kd7 24.b5 g4 25.Qc6+ Kc8 26.Rxd6  1-0

[Event "San Martin"]
[Site "San Martin"]
[Date "1995.??.??"]
[Round "9"]
[White "Sorin, Ariel"]
[Black "Valerga, Diego"]
[Result "1/2-1/2"]
[WhiteElo "2505"]
[BlackElo "2465"]

1.d4 Nf6 2.c4 e6 3.Nf3 Bb4+ 4.Nbd2 O-O 5.e3 b6 6.Bd3 Bb7 7.O-O c5 8.a3 Bxd2
9.Bxd2 d6 10.Bc3 Nbd7 11.Nd2 Rc8 12.Qe2 Qe7 13.e4 cxd4 14.Bxd4 Ne5 15.b4 Nxd3
16.Qxd3 Nd7 17.Rfc1 f5 18.f3 Qg5 19.exf5 Qxf5 20.Qe3 Qg6 21.a4 e5 22.Bc3 Rf4
23.a5 Rcf8 24.Rf1 h6 25.axb6 Nxb6 26.Kh1 e4 27.fxe4 Rxf1+ 28.Rxf1 Rxf1+ 29.Nxf1 Nxc4
30.Qd4 Ne5 31.Ng3 a6 32.Be1 Kh7 33.h3 Bc8 34.Kh2 Qf6 35.Bc3 Qf4 36.Bd2 Qf6
37.Bc3  1/2-1/2

[Event "San Sebastian op"]
[Site "San Sebastian"]
[Date "1995.??.??"]
[Round "7"]
[White "Roeder, Mathias"]
[Black "Gonzalez, Jorge"]
[Result "1-0"]
[WhiteElo "2440"]
[BlackElo "1800"]

1.d4 Nf6 2.c4 e6 3.Nf3 Bb4+ 4.Nbd2 c5 5.a3 Bxd2+ 6.Qxd2 cxd4 7.Nxd4 O-O 8.e3 b6
9.Nb5 Ne4 10.Qc2 Bb7 11.Bd3 f5 12.O-O a6 13.Nc3 Qh4 14.f3 Nc5 15.b4 Nxd3
16.Qxd3 Nc6 17.Qxd7 Qxc4 18.Na4 Rab8 19.Nxb6 Qb5 20.Qxe6+ Kh8 21.Nd7 Rfe8
22.Qa2 Rbd8 23.Nc5 Ne5 24.Qc2 Ba8 25.Bb2 Nc4 26.Rad1 Nxb2 27.Qxb2 Qc6 28.e4 fxe4
29.fxe4 Qg6 30.Rxd8 Rxd8 31.Qd2 Re8 32.e5 h6 33.e6 a5 34.h3 axb4 35.axb4 Qg3
36.Rf2 Qg5 37.Kh2 Bc6 38.Qd6 Bb5 39.Rf8+ Rxf8 40.Qxf8+ Kh7 41.Qf3 Qd8 42.Nd7 Kg8
43.Qd5 Ba4 44.b5 Bxb5 45.e7+ Kh7 46.Qf5+ g6 47.Nf6+  1-0

[Event "San Sebastian op"]
[Site "San Sebastian"]
[Date "1995.??.??"]
[Round "9"]
[White "Roeder, Mathias"]
[Black "Izeta Txabarri, Felix"]
[Result "1/2-1/2"]
[WhiteElo "2440"]
[BlackElo "2515"]

1.d4 Nf6 2.c4 e6 3.Nf3 Bb4+ 4.Nbd2 b6 5.a3 Bxd2+ 6.Bxd2 Bb7 7.g3 d6 8.Bg2 Nbd7
9.O-O O-O 10.b4 c5 11.dxc5 dxc5 12.Bf4  1/2-1/2

[Event "Santa Cruz de la Palma op"]
[Site "Santa Cruz"]
[Date "1995.??.??"]
[Round "?"]
[White "Solana Suarez, Ernesto"]
[Black "Garcia Palermo, Carlos"]
[Result "0-1"]
[WhiteElo "2385"]
[BlackElo "2490"]

1.d4 Nf6 2.Nf3 e6 3.c4 Bb4+ 4.Nbd2 b6 5.e3 Bb7 6.Bd3 O-O 7.O-O d5 8.a3 Be7
9.b3 Ne4 10.Bb2 a5 11.Qc2 f5 12.cxd5 exd5 13.Ne5 Bd6 14.f3 Nxd2 15.Qxd2 Na6
16.Qc2 Bxe5 17.dxe5 Qg5 18.f4 Qg6 19.Bxa6 Bxa6 20.Rfd1 c6 21.b4 Bc4 22.Bd4 Ra6
23.bxa5 c5 24.Bc3 b5 25.h3 Qh5 26.Kh2 g5 27.fxg5 Qxg5 28.Qf2 f4 29.exf4 Qxf4+
30.Qxf4 Rxf4 31.Kg3 Rf5 32.Re1 Rg6+ 33.Kh4 Rxg2 34.Rg1 Rf4+  0-1

[Event "Santiago op"]
[Site "Santiago"]
[Date "1995.??.??"]
[Round "?"]
[White "Rodriguez Vargas, Orestes"]
[Black "Garcia Carbo, Marcial"]
[Result "1/2-1/2"]
[WhiteElo "2445"]
[BlackElo "2320"]

1.d4 Nf6 2.Nf3 e6 3.c4 Bb4+ 4.Nbd2 O-O 5.a3 Be7 6.e3 c5 7.Bd3 b6 8.O-O d5
9.b3 Bb7 10.Bb2 Nbd7 11.Rc1 dxc4 12.bxc4 Bd6 13.Re1 cxd4 14.exd4 Bf4 15.Rc3 Rc8
16.Bb1 a6 17.Qe2 Qc7 18.g3 Bh6 19.Ne4 Nxe4 20.Bxe4 Bxe4 21.Qxe4 b5 22.cxb5 Qb6
23.Rb3 axb5 24.Qe2 Rc4 25.Ne5 Nxe5 26.Qxe5 b4 27.d5 Rd8 28.axb4 Rxb4 29.Rxb4 Qxb4
30.dxe6 fxe6 31.Qxe6+ Kh8 32.Re4 Qb8 33.Bc3 Qc8 34.Qe7 Rf8 35.Re6 Kg8 36.Bb4 Rd8
37.h4 Bc1 38.Rc6 Qxc6 39.Qxd8+ Kf7 40.Qe7+ Kg6 41.Bd6 Bb2 42.h5+ Kf5 43.Bf4 Bf6
44.Qe2 Qe4 45.Be3 Ke6 46.Qa2+ Kf5 47.Qe2 Ke6 48.Qa6+ Kf7 49.Qa7+ Ke6 50.Qb6+ Kf5
51.Qb3 Kg4 52.Qb5 Kh3 53.Qd7+ Qg4 54.Qd3 Qf3 55.Qd7+ Qg4 56.Qd5 Qe2 57.Qe6+ Qg4
58.Qd5 Qe2 59.Qg2+ Kg4 60.Qe4+ Kh3 61.Qh1+ Kg4 62.Qe4+ Kh3 63.Qg2+ Kg4 64.Kh2 Kxh5
65.Qe4 h6 66.Qf5+ Bg5 67.Bxg5 g6 68.g4+  1/2-1/2

[Event "Schwaebisch Gmuend op"]
[Site "Schwaebisch Gmuend"]
[Date "1995.??.??"]
[Round "?"]
[White "Naumann, Alexander"]
[Black "Ksieski, Zbigniew"]
[Result "0-1"]
[WhiteElo "2320"]
[BlackElo "2390"]

1.d4 Nf6 2.Nf3 e6 3.c4 Bb4+ 4.Nbd2 O-O 5.a3 Be7 6.g3 b6 7.Bg2 Bb7 8.Qc2 c5
9.O-O Nc6 10.dxc5 bxc5 11.b3 d6 12.Bb2 a5 13.Bc3 Qb6 14.Rab1 h6 15.Rfd1 Rfd8
16.e3 Rac8 17.Ne1 d5 18.Ba1 d4 19.e4 Nd7 20.f4 e5 21.Nd3 exf4 22.gxf4 Re8
23.Rf1 Bf8 24.Rbe1 Rb8 25.a4 Nb4 26.Qb1 Nf6 27.h3 Re7 28.Nxb4 Qxb4 29.Qd3 Rbe8
30.e5 Bxg2 31.Kxg2 Nh5 32.Rd1 g5 33.Ne4 Bg7 34.fxg5 Rxe5 35.Qf3 Rxe4 36.Qxf7+ Kh8
37.gxh6 Rg8 38.Qxh5 Be5+ 39.Kh1 Qb7 40.Qf3 Re2  0-1

[Event "Siauliai"]
[Site "Siauliai"]
[Date "1995.??.??"]
[Round "2"]
[White "Kaunas, Kestutis"]
[Black "Lomonosovas, Leonidas"]
[Result "1-0"]
[WhiteElo "2425"]
[BlackElo "2190"]

1.d4 Nf6 2.c4 e6 3.Nf3 Bb4+ 4.Nbd2 b6 5.e3 Bb7 6.Bd3 O-O 7.O-O d5 8.b3 Nbd7
9.Bb2 Qe7 10.a3 Bd6 11.b4 c6 12.Re1 Rfd8 13.Qb3 Rac8 14.c5 Bb8 15.a4 Re8
16.a5 Rcd8 17.h3 b5 18.a6 Bc8 19.Ne5 Nxe5 20.dxe5 Nd7 21.f4 f6 22.exf6 Nxf6
23.Nf3 Bd7 24.Ne5 Rf8 25.Qc2 Be8 26.Re2 Rc8 27.g4 h6 28.Rg2 Nd7 29.Bh7+ Kh8
30.Ng6+ Bxg6 31.Bxg6 e5 32.g5 exf4 33.gxh6 Qxe3+ 34.Kf1 Qf3+ 35.Qf2 Qxf2+
36.Kxf2 Be5 37.hxg7+  1-0

[Event "Asia-chT"]
[Site "Singapore"]
[Date "1995.??.??"]
[Round "7"]
[White "Barus, Cerdas"]
[Black "Smith, Robert W"]
[Result "1/2-1/2"]
[WhiteElo "2410"]
[BlackElo "2275"]

1.d4 Nf6 2.c4 e6 3.Nf3 Bb4+ 4.Nbd2 b6 5.a3 Bxd2+ 6.Bxd2 Bb7 7.Bg5 h6 8.Bh4 d6
9.e3 g5 10.Bg3 Ne4 11.Nd2 Nxg3 12.hxg3 Nd7 13.Rh2 c5 14.dxc5 dxc5 15.Be2 Qf6
16.Qc2 O-O-O 17.Rd1 Ne5 18.g4 Kb8 19.f3 Ng6 20.g3 Qe5 21.Nf1 Rxd1+ 22.Bxd1 f5
23.Rd2 Qf6 24.Rd6 fxg4 25.f4 gxf4 26.exf4 Qf7 27.Rd2 Rg8 28.Rh2 Qg7 29.Qc3 e5
30.f5 Ne7 31.Ne3 Bf3 32.Ba4 Rd8 33.b4 cxb4 34.axb4 Qf6 35.c5 Nxf5 36.c6 Rc8
37.Nc4 Nd4 38.Qe3 Bxc6 39.Rxh6 Bxa4 40.Rxf6 Nc2+ 41.Kd2 Nxe3 42.Nxe3 Bd7
43.Rf7 Be6 44.Re7 Rd8+ 45.Ke1 Rd6 46.Nd1 a5 47.bxa5 bxa5 48.Nc3 Rd3 49.Na4 Bb3
50.Nc5 Rxg3 51.Rxe5 a4 52.Re4 a3 53.Rb4+ Kc8 54.Nxb3 a2 55.Ra4 Rxb3 56.Rxa2 Kd7  1/2-1/2

[Event "CRO-ch"]
[Site "Slavonski Brod"]
[Date "1995.??.??"]
[Round "?"]
[White "Cebalo, Miso"]
[Black "Hulak, Krunoslav"]
[Result "1/2-1/2"]
[WhiteElo "2570"]
[BlackElo "2545"]

1.d4 Nf6 2.Nf3 e6 3.c4 Bb4+ 4.Nbd2 b6 5.a3 Bxd2+ 6.Bxd2 Bb7 7.Bf4 d6 8.e3 Nbd7
9.h3 Qe7 10.Be2 a5 11.O-O O-O 12.Bh2 Ne4 13.Qc2 a4 14.Nd2 Nxd2 15.Qxd2 e5
16.Rfe1 Qg5 17.f3 exd4 18.Qxd4 f5 19.Rad1 Nc5 20.Bf4 Qh4 21.Bxd6 Qxd4 22.exd4 cxd6
23.dxc5 dxc5 24.Rd6 Rab8 25.Rxb6 Rfe8 26.Kf2 Ba8 27.Rb5 Rec8 28.Bd3 Bc6 29.Rxc5 Rxb2+
30.Re2 Rxe2+ 31.Bxe2 f4 32.Bd3 Rd8 33.Ke2 Be8 34.Ra5 Rb8 35.Bc2 Rb2 36.Kd1 Ra2
37.Ra8 Kf7 38.Bxa4 Bxa4+ 39.Rxa4 Rxg2 40.c5 Ke6 41.Rxf4 Kd5 42.Rg4 Rf2 43.Rxg7 Rxf3
44.Rxh7 Rxa3 45.Rh5+ Kc6 46.h4 Ra4 47.Ke2 Rc4 48.Ke3 Ra4 49.Kf3 Rc4 50.Kg3 Rc3+
51.Kg4 Rc4+ 52.Kg5 Rxc5+ 53.Kg6 Rc4 54.Rh7 Kb6 55.Rh6 Kb7 56.h5 Rc6+ 57.Kg5 Rc5+
58.Kf4 Rc4+ 59.Ke5 Rc5+ 60.Kd4 Rb5 61.Rh8 Ka7 62.Kc4 Rf5 63.h6 Rf6 64.Kd5 Rb6
65.Kc5 Rf6 66.Rh7+ Ka6  1/2-1/2

[Event "CRO-ch"]
[Site "Slavonski Brod"]
[Date "1995.??.??"]
[Round "?"]
[White "Kozul, Zdenko"]
[Black "Hulak, Krunoslav"]
[Result "1-0"]
[WhiteElo "2570"]
[BlackElo "2545"]

1.d4 Nf6 2.Nf3 e6 3.c4 Bb4+ 4.Nbd2 b6 5.a3 Bxd2+ 6.Qxd2 Bb7 7.e3 d6 8.Be2 Nbd7
9.O-O O-O 10.b4 a5 11.Bb2 Qe7 12.Qc2 c5 13.dxc5 bxc5 14.b5 a4 15.Rad1 Rfd8
16.Nd2 Nb6 17.Bf3 Bxf3 18.Nxf3 e5 19.Nd2 Ne8 20.f4 f6 21.Rf3 Qf7 22.Rh3 h6
23.Rf1 Ra7 24.e4 exf4 25.Rxf4 Re7 26.Rg3 Kh8 27.Rh4 Nc7 28.Qd3 Ne6 29.Nf1 Rde8
30.Rhg4 Ng5 31.h4 h5 32.hxg5 hxg4 33.Rxg4 fxg5 34.Rxg5 Qf4 35.Qh3+ Kg8 36.Qh6 Qf8
37.Ne3 Nd7 38.Nf5 Ne5 39.Bxe5 dxe5 40.Qg6 Rd7 41.Rh5  1-0

[Event "SLO-chT"]
[Site "?"]
[Date "1995.??.??"]
[Round "1"]
[White "Kozul, Zdenko"]
[Black "Orel, Oskar"]
[Result "1-0"]
[WhiteElo "2580"]
[BlackElo "2295"]

1.d4 Nf6 2.Nf3 e6 3.c4 Bb4+ 4.Nbd2 b6 5.a3 Bxd2+ 6.Qxd2 Bb7 7.e3 Ne4 8.Qc2 d6
9.Bd3 f5 10.O-O Nd7 11.b4 O-O 12.Bb2 Ndf6 13.d5 e5 14.Ne1 g6 15.f3 Ng5 16.f4 Nf7
17.e4 fxe4 18.Bxe4 Nxe4 19.Qxe4 Qh4 20.g3 Qg4 21.Nf3 Bc8 22.Rae1 Bf5 23.Qe3 Rae8
24.Qc3 Bd7 25.b5 Qh5 26.Rf2 Bg4 27.Nd2 Bf5 28.Rfe2 g5 29.Nf3 Bg4 30.fxe5 Nxe5
31.Nxe5 Bxe2 32.Nd7 Qh6 33.Nxf8 Kxf8 34.Rxe2 Rxe2 35.Qf3+  1-0

[Event "Sollentuna op"]
[Site "Sollentuna"]
[Date "1995.??.??"]
[Round "5"]
[White "Hillarp Persson, Tiger"]
[Black "Romanov, Oleg"]
[Result "1/2-1/2"]
[WhiteElo "2395"]
[BlackElo "2275"]

1.d4 Nf6 2.c4 e6 3.Nf3 Bb4+ 4.Nbd2 O-O 5.a3 Be7 6.e3 d5 7.Bd3 Nbd7 8.Qc2 c5
9.cxd5 exd5 10.b3 b6 11.Ne5 Bb7 12.O-O g6 13.Bb2 Rc8 14.Qd1 Nxe5 15.dxe5 Nh5
16.f4 Ng7 17.Qe2 f5 18.Rad1 Rc7 19.e4 d4 20.Bc1 Kh8 21.a4 Qa8 22.h3 Nh5 23.Kh2 Bh4
24.Rf3 Rg7 25.Rdf1 g5 26.fxg5 f4 27.Kg1 Ng3 28.Rxg3 Bxg3 29.Nf3 Qe8  1/2-1/2

[Event "St Petersburg op"]
[Site "St Petersburg"]
[Date "1995.??.??"]
[Round "1"]
[White "Nepomnishay, Mikhail I"]
[Black "Loginov, Valery A"]
[Result "1/2-1/2"]
[WhiteElo "2410"]
[BlackElo "2550"]

1.d4 Nf6 2.c4 e6 3.Nf3 Bb4+ 4.Nbd2 b6 5.e3 Bb7 6.Bd3 c5 7.dxc5 Bxc5 8.O-O O-O
9.a3 Be7 10.b3 d6 11.Bb2 Nbd7 12.Rc1 a6 13.Qc2 Rc8 14.Qb1 Rc5 15.Ne4 Rh5
16.Ned2 Qa8 17.b4 a5 18.e4 axb4 19.axb4 b5 20.cxb5 d5 21.e5 Ne4 22.Rc7 Rd8
23.Bd4 f6 24.exf6 Nxd2 25.fxe7 Nxb1 26.exd8=Q+ Qxd8 27.Rxb7 e5 28.Rxb1 exd4
29.Rc1 Rh6 30.Rcc7 Rd6 31.Bf5 Nf8 32.Rxg7+ Kh8 33.Rgc7 Rf6 34.Nxd4 Qd6 35.g4 Qxb4
36.Nc6 Qd2 37.h3 h5 38.Rc8 hxg4 39.hxg4 Rxf5 40.gxf5 Qd1+ 41.Kg2 Qg4+  1/2-1/2

[Event "St Petersburg-ch"]
[Site "St Petersburg"]
[Date "1995.??.??"]
[Round "1"]
[White "Nepomnishay, Mikhail I"]
[Black "Orlov, Vassily"]
[Result "1/2-1/2"]
[WhiteElo "2410"]
[BlackElo "2435"]

1.d4 Nf6 2.c4 e6 3.Nf3 Bb4+ 4.Nbd2 O-O 5.a3 Bxd2+ 6.Bxd2 Ne4 7.Bf4 d6 8.Qc2 f5
9.Rd1 Nd7 10.g3 Qe7 11.Bg2 Ndf6 12.O-O b6 13.Ne1 e5 14.dxe5 dxe5 15.Bc1 Bb7
16.b4 c5 17.Nd3 Rac8 18.Bb2 Nd7 19.b5 Rc7 20.f3 Nd6 21.Qc3 Qf7 22.Rc1 Re8
23.Rfd1 Qg6 24.Nf2 f4 25.g4 Nf7 26.e3 fxe3 27.Qxe3 Ng5 28.h4  1/2-1/2

[Event "Chigorin mem"]
[Site "St Petersburg"]
[Date "1995.??.??"]
[Round "7"]
[White "Shchukin, Dmitry"]
[Black "Yemelin, Vasily"]
[Result "1/2-1/2"]
[WhiteElo "2275"]
[BlackElo "2500"]

1.d4 Nf6 2.c4 e6 3.Nf3 Bb4+ 4.Nbd2 b6 5.a3 Bxd2+ 6.Bxd2 Bb7 7.g3 Bxf3 8.exf3 d5
9.Bg2 Qd7 10.f4 Nc6 11.O-O O-O 12.Rc1 a5 13.Be3 a4 14.Qc2 Ne7 15.Rfd1 Ra7
16.Bd2 dxc4 17.Qxc4 Nfd5 18.Bb4 Rd8 19.Bxe7 Nxe7 20.Bc6 Nxc6 21.Qxc6 g6 22.Qxd7 Rxd7
23.Kf1 Kf8 24.Ke2 Ke7 25.Rc4 Rd5 26.Rdc1 Kd7 27.Ke3 Rb5 28.R1c2 Rb3+ 29.R4c3 Rxc3+
30.bxc3 b5 31.Kd3 c6 32.Re2 Kc7 33.Re5 Kb6 34.h4 Rd7 35.Kc2 Rd5 36.Re1 c5
37.dxc5+ Rxc5 38.Re4 Kc6 39.Rd4 e5 40.fxe5 Rxe5 41.Kd2 Rd5 42.Kc2 Kc5 43.Re4 Rf5
44.f4 h5 45.Rb4 Rd5  1/2-1/2

[Event "St Petersburg op"]
[Site "St Petersburg"]
[Date "1995.??.??"]
[Round "7"]
[White "Nepomnishay, Mikhail I"]
[Black "Ulibin, Mikhail"]
[Result "1-0"]
[WhiteElo "2410"]
[BlackElo "2540"]

1.Nf3 Nf6 2.d4 e6 3.c4 Bb4+ 4.Nbd2 b6 5.a3 Bxd2+ 6.Qxd2 Bb7 7.e3 O-O 8.Be2 d6
9.O-O Nbd7 10.b4 Qe7 11.Bb2 Ne4 12.Qc2 f5 13.Ne1 Rae8 14.f3 Ng5 15.Nd3 e5
16.dxe5 dxe5 17.Nf2 f4 18.exf4 exf4 19.Rae1 c5 20.Qc3 Nf6 21.Bd1 Qc7 22.Nd3 Nf7
23.bxc5 bxc5 24.Ba4 Rd8 25.Re6 Nh5 26.Rfe1 Ba8 27.Be8 Nf6 28.Rxf6 Rfxe8 29.Rfe6 Nd6
30.Nxf4 Qf7 31.Qe5 Rxe6 32.Nxe6 Rd7 33.Nxc5 Rd8 34.Ne6 Rd7 35.Ng5 Qg6 36.c5 h6
37.cxd6 hxg5 38.Qe8+  1-0

[Event "SVK-chT"]
[Site "?"]
[Date "1995.??.??"]
[Round "?"]
[White "Ftacnik, Lubomir"]
[Black "Briestensky, Rastislav"]
[Result "1/2-1/2"]
[WhiteElo "2565"]
[BlackElo "2215"]

1.d4 Nf6 2.Nf3 e6 3.c4 Bb4+ 4.Nbd2 O-O 5.a3 Bxd2+ 6.Bxd2 Ne4 7.Be3 f5 8.g3 d6
9.Bg2 Nd7 10.Qc2 Qe7 11.O-O-O Rb8 12.d5 Nb6 13.h4 exd5 14.cxd5 Bd7 15.Kb1 f4
16.Nd4 Rbe8 17.Ne6 Bxe6 18.dxe6 Qxe6 19.gxf4 Nc4 20.Rd4 Nxe3 21.fxe3 Nf6
22.Qxc7 Qxe3 23.Qc4+ Kh8 24.Bf3 d5 25.Qd3 Qf2 26.h5 Re3 27.Qd1 h6 28.Rf1 Qg3
29.Bxd5 Nxh5 30.Bxb7 Qg6+ 31.Ka1 Ng3 32.Rg1 Qf6 33.Rd3 Qxf4 34.Bf3 Nf5 35.Rg4 Qe5
36.Ra4 Rxd3 37.Qxd3 Qc5 38.Rc4 Qe5 39.Qd7 Ne3 40.Rc7 a5 41.Rc8 Rxc8 42.Qxc8+ Kh7
43.Qc6 g6 44.Qb7+ Kh8 45.Be4 Nf5 46.Bd3 Ne7 47.Kb1 h5 48.b4 axb4 49.axb4 h4
50.Qe4 Qf6 51.b5 Kg7 52.Qg4 Nf5 53.Bxf5 Qxf5+ 54.Qxf5 gxf5 55.b6  1/2-1/2

[Event "SWZ-chT"]
[Site "SWZ"]
[Date "1995.??.??"]
[Round "8"]
[White "Huss, Andreas"]
[Black "Renet, Olivier"]
[Result "0-1"]
[WhiteElo "2405"]
[BlackElo "2520"]

1.d4 Nf6 2.Nf3 e6 3.c4 Bb4+ 4.Nbd2 b6 5.a3 Bxd2+ 6.Qxd2 Bb7 7.e3 d6 8.Bd3 Nbd7
9.Qc2 e5 10.d5 Nc5 11.e4 a5 12.b3 c6 13.Nd2 cxd5 14.exd5 a4 15.O-O O-O 16.Be2 b5
17.Rd1 axb3 18.Nxb3 Nxb3 19.Qxb3 bxc4 20.Qxc4 Qd7 21.a4 Rfb8 22.Rd2 Bxd5
23.Rxd5 Nxd5 24.Qxd5 Qb7 25.Qb5 Qe4  0-1

[Event "SWZ-chT"]
[Site "SWZ"]
[Date "1995.??.??"]
[Round "9"]
[White "Maric, Alisa"]
[Black "Franzoni, Giancarlo"]
[Result "0-1"]
[WhiteElo "2445"]
[BlackElo "2445"]

1.Nf3 Nf6 2.c4 e6 3.d4 Bb4+ 4.Nbd2 b6 5.e3 Bb7 6.Bd3 O-O 7.O-O d5 8.a3 Be7
9.b4 dxc4 10.Nxc4 Nbd7 11.Bb2 a6 12.Qe2 c5 13.dxc5 bxc5 14.Na5 Qb6 15.Nxb7 Qxb7
16.b5 axb5 17.Bxb5 Nd5 18.Rab1 Bf6 19.e4 Nf4 20.Qe3 Qxb5 21.Bxf6 Qd3 22.Be7 Ne2+
23.Kh1 Qxe3 24.fxe3 Rfe8 25.Bd6 Rxa3 26.Rb7 Nf6 27.Bxc5 Ra5 28.Bb4 Rh5 29.Re1 Ng3+
30.Kg1 Ngxe4 31.Ra1 Nd5 32.Raa7 Nxb4 33.Rxb4 Nd6 34.e4 Rb5 35.Rd4 Rb7 36.Ra6 Nb5
37.Rb4 Nc7 38.Rxb7 Nxa6 39.e5 h6 40.Kf2 Nc5 41.Rc7 Nd3+ 42.Kg3 Nb4 43.h4 Nd5
44.Ra7 g6 45.Rb7 Rc8 46.Rb2 Kg7 47.Ra2 Rc4 48.Rb2 Ne3 49.Re2 Nf5+ 50.Kh3 Rf4
51.Re1 g5 52.hxg5 hxg5 53.Kh2 g4 54.Ng5 g3+ 55.Kg1 Ra4 56.Ne4 Kg6 57.Nd2 Ra2
58.Nf3 Kh5 59.Kf1 Ra4 60.Nd2 Kg4 61.Ne4 Kf4 62.Nc3 Rc4 63.Ne2+ Kg4 64.Nc1 Nh4
65.Nd3 Rd4 66.Re3 Ng6 67.Ke1 Nf4 68.Nxf4 Rxf4 69.Ra3 Re4+ 70.Kd2 Rxe5 71.Ra4+ Kh5
72.Ra3 Rg5 73.Ke3 Rf5 74.Ra8 Kg4 75.Ra4+ Kg5 76.Ra8 Rb5 77.Rg8+ Kf5 78.Rf8 Rb3+
79.Ke2 f6 80.Rh8 e5 81.Rh6 Kg5 82.Rh8 f5 83.Rh7 e4 84.Rh8 Kf4 85.Rh4+ Ke5
86.Rh3 Rb2+ 87.Kf1 Kf4  0-1

[Event "JUG-chT"]
[Site "Tivat"]
[Date "1995.??.??"]
[Round "3"]
[White "Rajkovic, Dusan"]
[Black "Drasko, Milan"]
[Result "1/2-1/2"]
[WhiteElo "2480"]
[BlackElo "2505"]

1.d4 Nf6 2.c4 e6 3.Nf3 Bb4+ 4.Nbd2 b6 5.a3 Bxd2+ 6.Qxd2 Bb7 7.g3 Bxf3 8.exf3 d5
9.c5 bxc5 10.dxc5 a5 11.Bb5+ c6 12.Ba4 Qc7 13.O-O Nbd7  1/2-1/2

[Event "JUG-chT (Women)"]
[Site "Tivat"]
[Date "1995.??.??"]
[Round "7"]
[White "Tomasevic, Tanja"]
[Black "Zivkovic, Branimir"]
[Result "0-1"]
[WhiteElo "2140"]
[BlackElo "2230"]

1.d4 Nf6 2.c4 e6 3.Nf3 Bb4+ 4.Nbd2 b6 5.a3 Bxd2+ 6.Bxd2 Bb7 7.Bg5 h6 8.Bh4 d6
9.e3 Nbd7 10.Be2 Qe7 11.Qc2 g5 12.Bg3 Ne4 13.h4 Nxg3 14.fxg3 O-O-O 15.O-O-O g4
16.Nh2 f5 17.Bd3 h5 18.Rhf1 Nf6 19.Rf4 Ne4 20.Nf1 Rhf8 21.Bxe4 Bxe4 22.Qa4 Kb8
23.Rf2 e5 24.d5 f4 25.exf4 exf4 26.Re1 Qh7 27.gxf4 Bd3 28.g3 Qg7 29.Nd2 Qd4
30.Rg2 a6 31.Qc6 Rc8 32.Re7 Bf5 33.Qa4 Qd3 34.Qb3 Rce8 35.Rxe8+ Rxe8 36.Qxd3 Bxd3
37.Rg1 Re3 38.Kd1 b5 39.cxb5 axb5 40.Kc1 Kb7 41.b3 Bg6 42.Rg2 Kb6 43.Kb2 Kc5
44.Nf1 Re1 45.Rf2 Bf5 46.Nd2 Kxd5 47.a4 bxa4 48.bxa4 c5 49.a5 c4 50.a6 Kd4
51.a7 c3+ 52.Ka2 Re8 53.Nb3+ Kd3 54.Nc1+ Kc4 55.Ne2 Ra8 56.Nxc3 Kxc3  0-1

[Event "Velden op"]
[Site "Velden"]
[Date "1995.??.??"]
[Round "4"]
[White "Roeder, Mathias"]
[Black "Loginov, Valery A"]
[Result "1-0"]
[WhiteElo "2460"]
[BlackElo "2525"]

1.d4 Nf6 2.c4 e6 3.Nf3 Bb4+ 4.Nbd2 b6 5.a3 Bxd2+ 6.Bxd2 Bb7 7.g3 O-O 8.Bg2 d6
9.O-O Nbd7 10.b4 Qe7 11.Qb3 c5 12.dxc5 dxc5 13.b5 e5 14.Rfd1 Rfe8 15.Bh3 Nf8
16.Bc3 Ne4 17.Bb2 f6 18.Bg2 Ne6 19.e3 Rad8 20.h4 Nd6 21.Rd2 Be4 22.Rad1 Nf7
23.Nxe5 Bxg2 24.Rd7 Rxd7 25.Rxd7 Qxd7 26.Nxd7 Bf3 27.Bxf6 Nf8 28.Nxf8 gxf6
29.Nd7 Re6 30.e4 Bxe4 31.Qc3 Kg7 32.g4 Ne5 33.Nxe5 Rxe5 34.f3 Bg6 35.Kf2 h6
36.Qd2 Re7 37.Qd6 Kf7 38.a4 Bc2 39.Qd2 Bxa4 40.Qxh6 Bc2 41.Qh5+ Bg6 42.Qd5+ Kg7
43.Qd6 Rb7 44.h5 Bf7 45.h6+ Kg6 46.g5 Kh7 47.Qc6  1-0

[Event "Velden op"]
[Site "Velden"]
[Date "1995.??.??"]
[Round "6"]
[White "Roeder, Mathias"]
[Black "Zoler, Dan"]
[Result "1/2-1/2"]
[WhiteElo "2460"]
[BlackElo "2415"]

1.d4 Nf6 2.c4 e6 3.Nf3 Bb4+ 4.Nbd2 b6 5.a3 Bxd2+ 6.Bxd2 Bb7 7.Bg5 h6 8.Bh4 d6
9.e3 Nbd7 10.Qc2 a5 11.Bd3 Qe7 12.O-O-O c5 13.e4 g5 14.Bg3 g4 15.e5 gxf3
16.exf6 Qxf6 17.Be4 Qg5+ 18.Kb1 fxg2 19.Rhe1 O-O-O 20.Bxd6 Bxe4 21.Qxe4 Qf5
22.Qxf5 exf5 23.d5 Rde8  1/2-1/2